tate mcrae songs - sudden death - Statistics

General Stats
  • This quiz has been taken 599 times
  • The average score is 10 of 12
Answers on the Grid
Answers color-coded by a green-red scale on the quiz's grid according to % correct below.
run for the hills
enough for you
fearless
dancing queen
grave
plastic palm trees
dangerous
greedy
good 4 u
it's ok i'm ok
you broke me first
sticky
2 hands
cut my hair
follow the white rabbit
seek & destroy
spinnin
we're not alike
calgary
you broke me first
lost
i know it won't work
?
favorite crime
 
Answer Stats
Answer % Correct
run for the hills
96%
it's ok i'm ok
91%
2 hands
90%
greedy
89%
you broke me first
89%
you broke me first
89%
grave
88%
plastic palm trees
85%
cut my hair
84%
we're not alike
82%
calgary
80%
?
59%
No matching quizzes found
Score Distribution
Percent of People with Each Score
Percentile by Number Answered
Your Score History
You have not taken this quiz